R for dummies / (Record no. 1298)

MARC details
000 -LEADER
fixed length control field 01720nam a22004217a 4500
001 - CONTROL NUMBER
control field 18626057
003 - CONTROL NUMBER IDENTIFIER
control field OSt
005 - DATE AND TIME OF LATEST TRANSACTION
control field 20240624122403.0
008 - FIXED-LENGTH DATA ELEMENTS--GENERAL INFORMATION
fixed length control field 240624b |||||||| |||| 00| 0 eng d
010 ## - LIBRARY OF CONGRESS CONTROL NUMBER
LC control number 2015941928
020 ## - INTERNATIONAL STANDARD BOOK NUMBER
International Standard Book Number 9781119055808 (pbk.)
020 ## - INTERNATIONAL STANDARD BOOK NUMBER
International Standard Book Number 1119055806 (pbk.)
035 ## - SYSTEM CONTROL NUMBER
System control number (OCoLC)ocn894935302
040 ## - CATALOGING SOURCE
Original cataloging agency KMU
Language of cataloging eng
Transcribing agency KMU
Modifying agency KMU
Description conventions rda
042 ## - AUTHENTICATION CODE
Authentication code lccopycat
050 00 - LIBRARY OF CONGRESS CALL NUMBER
Classification number QA276.45.R3
Item number D4 2015
100 1# - MAIN ENTRY--PERSONAL NAME
Personal name De Vries, Andrie,
Relator term author.
245 10 - TITLE STATEMENT
Title R for dummies /
Statement of responsibility, etc. by Andrie de Vries and Joris Meys.
250 ## - EDITION STATEMENT
Edition statement 2nd edition.
264 #1 - PRODUCTION, PUBLICATION, DISTRIBUTION, MANUFACTURE, AND COPYRIGHT NOTICE
Place of production, publication, distribution, manufacture Hoboken, New Jersey :
Name of producer, publisher, distributor, manufacturer John Wiley & Sons, Inc.,
Date of production, publication, distribution, manufacture, or copyright notice [2015]
264 #4 - PRODUCTION, PUBLICATION, DISTRIBUTION, MANUFACTURE, AND COPYRIGHT NOTICE
Date of production, publication, distribution, manufacture, or copyright notice ©2015
300 ## - PHYSICAL DESCRIPTION
Extent xii, 418 pages :
Other physical details illustrations ;
Dimensions 24 cm.
336 ## - CONTENT TYPE
Content type term text
Content type code txt
Source rdacontent
337 ## - MEDIA TYPE
Media type term unmediated
Media type code n
Source rdamedia
490 1# - SERIES STATEMENT
Series statement --For dummies
500 ## - GENERAL NOTE
General note Includes an index.
505 0# - FORMATTED CONTENTS NOTE
Formatted contents note Introduction -- Getting started with R programming -- Getting down to work in R -- Coding in R -- Making the data talk -- Working with graphics -- The part of tens.
520 ## - SUMMARY, ETC.
Summary, etc. This accessible guide is the ideal introduction to R for complete beginners. Learn to master the programming language of choice among statisticians and data analysts worldwide.
650 #0 - SUBJECT ADDED ENTRY--TOPICAL TERM
Topical term or geographic name entry element R (Computer program language)
650 #0 - SUBJECT ADDED ENTRY--TOPICAL TERM
Topical term or geographic name entry element Mathematical statistics
General subdivision Data processing.
650 #7 - SUBJECT ADDED ENTRY--TOPICAL TERM
Topical term or geographic name entry element Mathematical statistics
General subdivision Data processing.
Source of heading or term fast
Authority record control number or standard number (OCoLC)fst01012133
650 #7 - SUBJECT ADDED ENTRY--TOPICAL TERM
Topical term or geographic name entry element R (Computer program language)
Source of heading or term fast
Authority record control number or standard number (OCoLC)fst01086207
700 1# - ADDED ENTRY--PERSONAL NAME
Personal name Meys, Joris,
Relator term author.
830 #0 - SERIES ADDED ENTRY--UNIFORM TITLE
Uniform title --For dummies.
906 ## - LOCAL DATA ELEMENT F, LDF (RLIN)
a 7
b cbc
c copycat
d 2
e ncip
f 20
g y-gencatlg
942 ## - ADDED ENTRY ELEMENTS (KOHA)
Source of classification or shelving scheme Library of Congress Classification
Koha item type Non-Fiction
Suppress in OPAC No
Holdings
Withdrawn status Lost status Source of classification or shelving scheme Damaged status Not for loan Collection Home library Current library Shelving location Date acquired Source of acquisition Total Checkouts Total Renewals Full call number Barcode Date last seen Date last checked out Price effective from Koha item type
    Library of Congress Classification     Non-fiction Kapasa Makasa University Kapasa Makasa University Open Access 24.06.2024 Book Aid International 3 1 QA276.45.R3 VRI 300739 13.03.2026 06.03.2026 24.06.2024 Non-Fiction
    Library of Congress Classification     Non-fiction Kapasa Makasa University Kapasa Makasa University Open Access 24.06.2024 Book Aid International 1   QA276.45.R3 VRI 300770 25.11.2024 19.11.2024 24.06.2024 Non-Fiction